000 00830cam a2200253 a 4500
001 328
003 BR-CuiBMT
005 20231114134903.0
008 231025s2011 mgb 001 0 por d
020 _a9788577004959
040 _aBR-CuiBMT
_cBR-CuiBMT
080 _22007
_a347.2
090 _a347.2
_bO48p
100 1 _aOliveira, Cláudio Teixeira de
245 1 0 _aPosse e ações protetivas :
_banálise pelos códigos civis de 2002 e de 1916 e pelo código de processo civil /
_cCláudio Teixeira de Oliveira.
260 _aBelo Horizonte :
_bFórum,
_c2011.
300 _a295 p. ;
_c21 cm
504 _aInclui bibliografia e índice.
650 _aPosse (Direito)
_zBrasil
650 _aDireito civil
_xPosse
_zBrasil
650 _aAções protetivas
_xDireito Civil
650 _aDireito processual civil
942 _2udc
_cLV
999 _c328
_d328